All ECW Title Winners - Statistics

General Stats
  • This quiz has been taken 217 times
    216 since last reset
  • The average score is 65 of 101
Answer Stats
Title Champion % Correct
Tag Team | Television Rob Van Dam
96%
Tag Team | World Heavyweight The Sandman
95%
Tag Team | World Heavyweight Tommy Dreamer
95%
Tag Team | Television | World Heavyweight Sabu
94%
Tag Team | World Heavyweight Raven
92%
Tag Team | Television | World Heavyweight Taz
88%
Tag Team D-Von Dudley
87%
Tag Team Spike Dudley
87%
Tag Team Buh Buh Ray Dudley
86%
Television | World Heavyweight Rhino
86%
World Heavyweight Terry Funk
86%
Tag Team Cactus Jack
82%
Tag Team New Jack
82%
Tag Team | World Heavyweight Mike Awesome
80%
Television | World Heavyweight Shane Douglas
80%
Tag Team New Jack
78%
Tag Team | Television | World Heavyweight Mikey Whipwreck
77%
Tag Team Chris Benoit
75%
Television Eddie Guerrero
75%
Tag Team Stevie Richards
75%
Tag Team | World Heavyweight Justin Credible
72%
Tag Team Lance Storm
72%
Television | World Heavyweight Jimmy Snuka
70%
Tag Team | Television Dean Malenko
69%
Television | World Heavyweight Bam Bam Bigelow
67%
Television Chris Jericho
67%
Tag Team Saturn
67%
World Heavyweight Jerry Lynn
63%
Tag Team | World Heavyweight Masato Tanaka
63%
Tag Team Chris Candido
61%
Tag Team | Television Yoshihiro Tajiri
61%
Television Super Crazy
60%
Tag Team Balls Mahoney
59%
Tag Team Rocco Rock
59%
Tag Team Johnny Grunge
58%
Tag Team Pitbull #1
58%
Tag Team | Television Pitbull #2
58%
World Heavyweight Steve Corino
58%
Television The Pitbull
58%
Tag Team Kronus
55%
Tag Team Little Guido
55%
Tag Team Roadkill
54%
Tag Team Kronus
53%
Tag Team Mustafa Saed
52%
Tag Team Tony Mamaluke
48%
Tag Team Tracy Smothers
48%
Tag Team | Television 2 Cold Scorpio
46%
Tag Team Danny Doring
46%
World Heavyweight Don Muraco
46%
Tag Team Johnny Hotbody
41%
Tag Team | Television | World Heavyweight Johnny Hotbody
40%
World Heavyweight Tito Santana
39%
Television Kid Kash
36%
Television J.T. Smith
31%
Television Jason
28%
Tag Team Kevin Sullivan
25%
Tag Team Eddie Gilbert
24%
Tag Team Doug Furnas
19%
Tag Team Phil LaFon
19%
Tag Team Johnny Gunn
18%
Tag Team Doug Stahl
13%
Tag Team The Dark Patriot
13%
Tag Team Tony Stetson
13%
Tag Team Larry Winters
12%
Tag Team A. J. Petrucci
11%
No matching quizzes found
Score Distribution
Percent of People with Each Score
Percentile by Number Answered
Your Score History
You have not taken this quiz since the last reset